000 00328nam a22001337a 4500
008 171023b xxu||||| |||| 00| 0 eng d
020 _a2900132059670
041 _aeng
080 _28 ED
_a338
100 _a54
101 _aMAN
245 _aCHECK IN CHECK OUT MANAGING HOTEL OPERATIONS
_cVALLEN.J.J
942 _2udc
_cBK
999 _c35374
_d35374